MARC details
| 000 -CABECERA |
| campo de control de longitud fija |
00929nam a2200253 a 4500 |
| 003 - IDENTIFICADOR DEL NÚMERO DE CONTROL |
| campo de control |
MX-MxUPN |
| 005 - FECHA Y HORA DE LA ÚLTIMA TRANSACCIÓN |
| campo de control |
20241001063902.0 |
| 008 - ELEMENTOS DE LONGITUD FIJA--INFORMACIÓN GENERAL |
| campo de control de longitud fija |
991125c1931 sp r 000 0 spa d |
| 035 ## - NÚMERO DE CONTROL DEL SISTEMA |
| Número de control de sistema |
UPN01000035801 |
| 040 ## - FUENTE DE LA CATALOGACIÓN |
| Centro catalogador/agencia de origen |
MX-MxUPN |
| Lengua de catalogación |
spa |
| Centro/agencia transcriptor |
MX-MxUPN |
| 041 0# - CÓDIGO DE IDIOMA |
| Código de lengua del texto/banda sonora o título independiente |
spa |
| 050 #4 - SIGNATURA TOPOGRÁFICA DE LA BIBLIOTECA DEL CONGRESO |
| Número de clasificación |
BF724.3 P4 |
| Número de documento/Ítem |
R4.4 |
| 100 1# - ASIENTO PRINCIPAL--NOMBRE PERSONAL |
| Nombre de persona |
Read, C. Stanford |
| Forma completa/desarrollada del nombre |
(Charles Stanford), |
| Fechas asociadas al nombre |
1871- |
| 9 (RLIN) |
51404 |
| 245 10 - MENCIÓN DE TÍTULO |
| Título |
Luchas de la adolescencia masculina : |
| Resto del título |
psicología sexual educativa |
| 260 ## - PUBLICACIÓN, DISTRIBUCIÓN, ETC. |
| Lugar de publicación, distribución, etc. |
Madrid : |
| Nombre del editor, distribuidor, etc. |
Félix Beltrán, |
| Fecha de publicación, distribución, etc. |
1931. |
| 300 ## - DESCRIPCIÓN FÍSICA |
| Extensión |
280 páginas |
| 490 0# - MENCIÓN DE SERIE |
| Mención de serie |
Actitudes pedagógicas |
| 650 #4 - ASIENTO SECUNDARIO DE MATERIA - TERMINO TEMATICO |
| Término de materia o nombre geográfico como elemento de entrada |
Psicología del adolescente |
| 9 (RLIN) |
1013 |
| 650 #4 - ASIENTO SECUNDARIO DE MATERIA - TERMINO TEMATICO |
| Término de materia o nombre geográfico como elemento de entrada |
Personalidad |
| 9 (RLIN) |
7690 |
| 700 1# - ASIENTO SECUNDARIO--NOMBRE DE PERSONAL |
| Nombre de persona |
Rodríguez Sádia, Emilio |
| 9 (RLIN) |
51406 |
| Término indicativo de función/relación |
traducción |
| 710 2# - ASIENTO SECUNDARIO - NOMBRE CORPORATIVO |
| Nombre de entidad corporativa o nombre de jurisdicción como elemento de entrada |
Instituto Nacional de Pedagogía (México) |
| Término indicativo de función/relación |
propietario anterior |
| 9 (RLIN) |
28088 |
| 710 2# - ASIENTO SECUNDARIO - NOMBRE CORPORATIVO |
| Nombre de entidad corporativa o nombre de jurisdicción como elemento de entrada |
Centro Nacional de Documentación e Información Educativa (México) |
| Término indicativo de función/relación |
propietario anterior |
| 9 (RLIN) |
51353 |
| 942 ## - ELEMENTOS DE PUNTO DE ACCESO ADICIONAL (KOHA) |
| Fuente del sistema de clasificación o colocación |
Library of Congress Classification |
| Tipo de ítem Koha |
Libro |